Statistics for Rubik's Cube Quiz

Click here to take the quiz!

General Stats

  • This quiz has been taken 520 times
    (511 since last reset)
  • The average score is 6 of 15

Answer Stats

HintAnswer% Correct
F2LFirst Two Layers
76%
Inventor of Rubik's cubeErnö Rubik
65%
Former world record cube solver 3x3 (5.55)Mats Valk
55%
First step to FridrichCross
54%
When was the Rubik's cube invented?1974
51%
How many combinations are there (3x3)?43,252,003,274,489,856,000
47%
What was the Rubik's cube called before it was patented?Magic Cube
43%
How long did it take the inventor to solve the Rubik's cube?1 month
38%
Most common method used (not beginner)Fridrich
36%
World's fastest cuber (as of 2015) 3x3Collin Burns
30%
OLLOrienting Last Layer
30%
PLLPermuting Last Layer
28%
World's fastest cuber (time, as of 2015)5.25 seconds
16%
maker of shapeways.comOskar Van Deventer
4%
OVD cubes are...mass produced
1%

Score Distribution

Percentile by Number Answered

Percent of People with Each Score

Your Score History

You have not taken this quiz since the last reset